00332pab a2200133 454500008004000000100001600040245004200056260000900098300001100107362001200118650003000130650002200160773001600182180718b1996 xxu||||| |||| 00| 0 eng d aMehta, D.R. aThe changing capital markets in India c1996 ap.1-14 aJul-Dec aFinancial markets - India aFinancial markets aPrashasnika